000 00401 a2200145 4500
001 92477
082 _a005.133 MCK
090 _c44447
_d44448
100 _aWes McKinney
245 _aPython for Data analysis; agile tools for real world data
_cOreilly
260 _aBeijing
_bShroff Publishers
_c2015
300 _axiii, 452 p.
518 _apython
650 _adata analysis
_cbig data analysis
942 _aCAE NUST
_k005.133 MCK
999 _c327550
_d327550